000 00319nam a2200133Ia 4500
008 191201s1997 xx 000 0 und d
100 _aMUANG Guo Rui
245 0 _aSilk Worn Rearing
250 _a1st
260 _aN.Delhi
_bOxford and IBM Publication
_c1997
300 _a302
650 _aB.Tech(TE)
942 _2ddc
_cBK
999 _c2579
_d2579